000 00697nam a2200241Ia 4500
003 GCL
008 140319s9999 xx 000 0 ara d
040 _aGCL /
_cGCL
082 0 4 _a378.107
_bم ا
100 1 _aمحمد محروس اسماعيل
245 1 0 _aاقتصاديات التعليم /
_cمحمد محروس اسماعيل
260 _aالقاهرة :
_bدار الجامعات المصرية ،
_c1990
300 _a272 ص
490 _a
650 0 4 _aالاقتصاد
650 0 4 _aالتعليم
650 0 4 _aالاجتماع
650 0 4 _aموارد
650 0 4 _aعائد
650 0 4 _aالتعليم المفتوح
650 0 4 _aالتمويل
942 _2ddc
_cBK
999 _c29562
_d29562